Arlt literato

Tallennettuna:
Bibliografiset tiedot
Päätekijä: Correas, Carlos, 1931-
Aineistotyyppi: Tuntematon
Julkaistu: Cap. Federal [i.e. Buenos Aires], Argentina: Atuel, c1995
Sarja:Los argentinos
Aiheet:
Tagit: Lisää tagi
Ei tageja, Lisää ensimmäinen tagi!

MARC

LEADER 000000000a22000000004500
001 000547
020 |a 9879006380 
041 0 |a español 
092 0 |a Ar868.092 A699c 
100 1 |a Correas, Carlos, 1931- 
245 1 0 |a Arlt literato 
260 |a Cap. Federal [i.e. Buenos Aires], Argentina:   |b Atuel,   |c c1995 
300 |a 348 páginas 
440 |a Los argentinos 
500 |a Número de inscripción 13820 
650 4 |a ARLT, ROBERTO, 1900-1942 
650 4 |a CRITICA E INTERPRETACION 
999 |c 1339  |d 1339